000 00586nam a22001937a 4500
003 OSt
005 20251023102311.0
008 251023b |||||||| |||| 00| 0 eng d
020 _a9789970447213
040 _aKABLIB
_beng
_cKABLIB
082 _223
_a796
_bLUK
100 _aLukman Kirya
_eauthor
_914689
245 _aPhysical Education and Sports :
_bYear Two /
_ckirya Lukman and Mukama Patrick
260 _aKampala :
_bNew Vision,
_c2019.
300 _aiv,160p
_bill.(col) ;
_c25cm.
650 _aPhysical education
_94728
700 _aPatrick Mukama
_eauthor
_914690
942 _2ddc
_cBOOK
999 _c5815
_d5815